| 000 | 00525cam a22001691 4500 | ||
|---|---|---|---|
| 082 |
_a359.009 _bRIC _cD |
||
| 100 | 1 |
_aRichmond, Herbert W. _949733 |
|
| 245 | 0 | 0 |
_aSea power in the modern world, _cby Admiral Sir Herbert Richmond ... |
| 260 |
_aLondon, _bG. Bell & sons, ltd., _c1934. |
||
| 300 |
_a4 p. l., 266 p. _c23 cm. |
||
| 526 |
_a0 _b0 _c0 _d359_009000000000000_RIC |
||
| 650 | 0 |
_aDisarmament. _927821 |
|
| 650 | 0 |
_aMCE _9379 |
|
| 650 | 0 |
_aNaval art and science. _948626 |
|
| 650 | 0 |
_aSea-power. _949341 |
|
| 942 |
_2ddc _cBK |
||
| 999 |
_c552508 _d552508 |
||